00502njm a2200157 i 4500001001100000003000500011005001700016008004100033040002500074245001800099264007000117336002100187337002500208338002300233500008800256C2-0217785PPAK20180729152038.0990708s1985 my |||| ||||| | may d aPPAKbengcPPAKerda00aMalayan Union 1aAlor Setar, Kedah : bPerbadanan Perpustakaan Awam Kedah , c1985 2rdacontentatext 2rdamediaaunmediated 2rdacarrieravolume aDirakam pada 22/1/85 ; Temubual dengan En. Wan Sulaiman Wan Tam ; Tiada transkripsi